| 000 | 01095cam a22003257a 4500 | ||
|---|---|---|---|
| 003 | CHAP | ||
| 005 | 20220329140653.0 | ||
| 008 | 971013s1982 r 00010 d | ||
| 010 | _a55757 | ||
| 011 | _a56729 | ||
| 035 | _a60882 | ||
| 040 | _cCHAP | ||
| 082 |
_a160 _bY8 |
||
| 100 | 0 | 0 |
_aYurén Camarena, María Teresa. _9123353 |
| 245 | 0 | _aLógica formal | |
| 260 |
_aMéxico, D.F. : _bPublicaciones Cultural, _c1982 |
||
| 300 |
_a190 p. _b: ilus. |
||
| 490 | 0 |
_aCol. Bachillerato Tecnológico. Tronco común: Lógica. Texto _v; 1 |
|
| 590 |
_aBATCH-UPD _b10 _c20130110 _lUCH01 _h0639 |
||
| 590 |
_aBATCH-UPD _b10 _c20130110 _lUCH01 _h2351 |
||
| 590 |
_aBATCH-UPD _b10 _c20130410 _lUCH01 _h0323 |
||
| 590 |
_aBATCH-UPD _b10 _c20130410 _lUCH01 _h1638 |
||
| 590 |
_aBATCH-UPD _b10 _c20130914 _lUCH01 _h1730 |
||
| 590 |
_aCONVERSION _b10 _c20130109 _lUCH01 _h1330 |
||
| 650 | 1 | 4 |
_aLógica. _967611 |
| 830 | 0 |
_aCol. Bachillerato Tecnológico. Tronco común: Lógica. Texto _v; 1 _924520 |
|
| 901 | _aBK | ||
| 942 | _cLIBRO | ||
| 949 |
_a160 Y8 _bBC _cLIBRO _d-130983 _eLIBRO _h66184 _i60882 _mD. Dr. Méndez _sm |
||
| 999 |
_c55757 _d55757 |
||